| Tag |
First Indicator |
Second Indicator |
Subfields |
| LEADER |
00000cam a2200000 a 4500 |
| 001 |
in00000001449 |
| 008 |
980915s1998 dcua bs f000 0 eng |
| 005 |
20230309222458.2 |
| 010 |
|
|
|a 98196313
|
| 035 |
|
|
|a (OCoLC)40120012
|
| 035 |
|
|
|9 AJB5338AM
|
| 035 |
|
|
|a in00000001449
|
| 037 |
|
|
|a 061-003-01042-3
|b GPO
|c $4.50
|
| 040 |
|
|
|d GPO
|d DLC
|d MvI
|d UtOrBLW
|
| 043 |
|
|
|a n-us---
|
| 049 |
|
|
|a UDOC
|a UDOC
|
| 050 |
0 |
0 |
|a HD9502.U52
|b E5617 1998
|
| 074 |
|
|
|a 0429-T-11
|
| 074 |
|
|
|a 0429-T-11 (online)
|
| 086 |
0 |
|
|a E 3.2:AN 7
|
| 088 |
|
|
|a DOE/EIA-0624
|
| 245 |
0 |
0 |
|a Energy trends since the first major U.S. energy crisis /
|c National Energy Information Center, Energy Information Administration.
|
| 246 |
1 |
|
|i At head of title:
|a 25th anniversary of the 1973 oil embargo
|
| 264 |
|
1 |
|a Washington, D.C. (EI-30, Forrestal Building, Washington 20585) :
|b The Administration ;
|c [1998]
|
| 264 |
|
2 |
|a [Pittsburgh, Pa.] :
|b [Supt. of Docs., U.S. G.P.O., distributor],
|
| 300 |
|
|
|a iii, 30 pages :
|b color illustrations ;
|c 28 cm.
|
| 336 |
|
|
|a text
|b txt
|2 rdacontent
|
| 337 |
|
|
|a unmediated
|b n
|2 rdamedia
|
| 338 |
|
|
|a volume
|b nc
|2 rdacarrier
|
| 500 |
|
|
|a "August 1998."
|
| 500 |
|
|
|a Shipping list number: 98-0369-P.
|
| 504 |
|
|
|a Includes bibliographical references.
|
| 500 |
|
|
|a "DOE/EIA-0624."
|
| 530 |
|
|
|a Also available via Internet from the EIA web site.
|
| 650 |
|
0 |
|a Energy industries
|z United States.
|
| 650 |
|
0 |
|a Energy consumption
|z United States.
|
| 710 |
2 |
|
|a National Energy Information Center (U.S.)
|
| 710 |
1 |
|
|a United States.
|b Energy Information Administration.
|
| 856 |
4 |
1 |
|u https://purl.fdlp.gov/GPO/LPS1744
|t 0
|
| 999 |
|
|
|a MARS
|
| 999 |
f |
f |
|i 99340e27-da42-3041-81af-cd254045142b
|s b0e748c1-2203-3e57-8b67-87f6640c468d
|t 0
|
| 952 |
f |
f |
|p normal
|a Texas A&M University
|b College Station
|c Sterling C. Evans Library
|d Evans: US Documents (Annex 5th floor)
|t 0
|e E 3.2:AN 7
|h Superintendent of Documents classification
|i unmediated -- volume
|m A14824393058
|
| 952 |
f |
f |
|a Texas A&M University
|b College Station
|c Electronic Resources
|d Available Online
|t 0
|e E 3.2:AN 7
|h Superintendent of Documents classification
|
| 998 |
f |
f |
|a E 3.2:AN 7
|t 0
|l Evans: US Documents (Annex 5th floor)
|
| 998 |
f |
f |
|a E 3.2:AN 7
|t 0
|l Available Online
|